Fábulas

-д хадгалсан:
Номзүйн дэлгэрэнгүй
Үндсэн зохиолчид: Fernández de Lizardi, José Joaquín (Зохиогч), Rosas Moreno, José (Зохиогч), La Fontaine, Jean de (Зохиогч), Samaniego, Félix María de (Зохиогч), Iriarte, Tomás de (Зохиогч), Esopo (Зохиогч), Fedro (Зохиогч), Ruiz, Juan (Зохиогч), Arenal, Concepción (Зохиогч), Hartzenbusch, Juan Eugenio (Зохиогч), Campoamor, Ramón de (Зохиогч)
Формат: Ном
Хэл сонгох:испани
Хэвлэсэн: Ciudad de México Porrúa 1980
Хэвлэл:10a. ed
Цуврал:Sepan cuántos, 16
Нөхцлүүд:
Шошгууд: Шошго нэмэх
Шошго байхгүй, Энэхүү баримтыг шошголох эхний хүн болох!

MARC

LEADER 00000nam a2200000 a 4500
001 UCZ0192
003 CL-VaPUC
008 950724e19800000MX |||||||||||||||||spa|d
082 0 4 |a 398.245  |b FER  |2 21 
100 |a Fernández de Lizardi, José Joaquín  |e author  |9 342827 
700 0 |a Rosas Moreno, José  |e author  |9 342828 
700 |a La Fontaine, Jean de  |e author  |9 486338 
700 0 |a Samaniego, Félix María de  |e author  |9 342830 
700 |a Iriarte, Tomás de  |e author  |9 353871 
700 0 |a Esopo  |e author  |9 342832 
700 0 |a Fedro  |e author  |9 342833 
700 0 |a Ruiz, Juan  |e author  |9 321708 
700 0 |a Arenal, Concepción  |e author  |9 342834 
700 |a Hartzenbusch, Juan Eugenio  |e author  |9 419586 
700 0 |a Campoamor, Ramón de  |e author  |9 342836 
245 1 0 |a Fábulas 
250 |a 10a. ed 
300 |a 296 p 
942 |c BK 
945 |d 19950724 00:00:00  |a lriquelm 
260 |a Ciudad de México  |b Porrúa  |c 1980 
650 7 |a FABULAS  |2 CL-VaPUC  |9 342837 
650 7 |a FABULAS ESPAÑOLAS  |2 CL-VaPUC  |9 315726 
650 7 |a FABULAS FRANCESAS  |2 CL-VaPUC  |9 312452 
650 7 |a FABULAS GRIEGAS  |2 CL-VaPUC  |9 267876 
650 7 |a FABULAS MEXICANAS  |2 CL-VaPUC  |9 342838 
650 0 |a Formas y géneros literarios  |9 324031 
583 |a last modification  |c 19950724 00:00:00  |k Rodrigo Vera 
490 0 |a Sepan cuántos, 16 
999 |c 237154  |d 237152 
952 |0 0  |1 0  |4 0  |6 398_245000000000000_FER_1980  |7 0  |8 P  |9 245981  |a BIBEDU  |b BIBEDU  |c BIBEDU_PB  |d 2019-11-18  |i 1534858  |o 398.245 FER 1980  |p 1534858  |r 2024-01-25  |w 2019-11-18  |y BK  |k EDU 
952 |0 0  |1 0  |4 0  |6 398_245000000000000_FER_1980  |7 0  |8 P  |9 245982  |a BIBEDU  |b BIBEDU  |c BIBEDU_PB  |d 2019-11-18  |i 153484K  |o 398.245 FER 1980  |p 153484K  |r 2024-01-25  |w 2019-11-18  |y BK  |k EDU 
952 |0 0  |1 0  |4 0  |6 398_245000000000000_FER_1980  |7 0  |8 P  |9 245983  |a BIBEDU  |b BIBEDU  |c BIBEDU_PB  |d 2019-11-18  |i 1534831  |o 398.245 FER 1980  |p 1534831  |r 2024-01-25  |w 2019-11-18  |y BK  |k EDU